<?xml version="1.0" encoding="UTF-8"?><?xml-stylesheet type="text/xsl" href="static/style.xsl"?><OAI-PMH xmlns="http://www.openarchives.org/OAI/2.0/" xmlns:xsi="http://www.w3.org/2001/XMLSchema-instance" xsi:schemaLocation="http://www.openarchives.org/OAI/2.0/ http://www.openarchives.org/OAI/2.0/OAI-PMH.xsd"><responseDate>2026-04-19T06:32:20Z</responseDate><request verb="GetRecord" identifier="oai:riubu.ubu.es:10259/6106" metadataPrefix="marc">https://riubu.ubu.es/oai/request</request><GetRecord><record><header><identifier>oai:riubu.ubu.es:10259/6106</identifier><datestamp>2023-09-15T22:42:08Z</datestamp><setSpec>com_10259.4_2560</setSpec><setSpec>com_10259_5086</setSpec><setSpec>com_10259_2604</setSpec><setSpec>col_10259.4_2561</setSpec></header><metadata><record xmlns="http://www.loc.gov/MARC21/slim" xmlns:doc="http://www.lyncode.com/xoai" xmlns:xsi="http://www.w3.org/2001/XMLSchema-instance" xmlns:dcterms="http://purl.org/dc/terms/" xsi:schemaLocation="http://www.loc.gov/MARC21/slim http://www.loc.gov/standards/marcxml/schema/MARC21slim.xsd">
<leader>00925njm 22002777a 4500</leader>
<datafield tag="042" ind1=" " ind2=" ">
<subfield code="a">dc</subfield>
</datafield>
<datafield tag="720" ind1=" " ind2=" ">
<subfield code="a">Narbarte Hernández, Josu</subfield>
<subfield code="e">author</subfield>
</datafield>
<datafield tag="720" ind1=" " ind2=" ">
<subfield code="a">Iriarte Avilés, Eneko</subfield>
<subfield code="e">author</subfield>
</datafield>
<datafield tag="720" ind1=" " ind2=" ">
<subfield code="a">Carrancho Alonso, Ángel</subfield>
<subfield code="e">author</subfield>
</datafield>
<datafield tag="720" ind1=" " ind2=" ">
<subfield code="a">Olazabal Uzkudun, Asier</subfield>
<subfield code="e">author</subfield>
</datafield>
<datafield tag="720" ind1=" " ind2=" ">
<subfield code="a">Rad Moradillo, Juan Carlos</subfield>
<subfield code="e">author</subfield>
</datafield>
<datafield tag="720" ind1=" " ind2=" ">
<subfield code="a">Arriolabengoa, Martin</subfield>
<subfield code="e">author</subfield>
</datafield>
<datafield tag="720" ind1=" " ind2=" ">
<subfield code="a">Aranburu, Arantza</subfield>
<subfield code="e">author</subfield>
</datafield>
<datafield tag="720" ind1=" " ind2=" ">
<subfield code="a">Quirós Castillo, Juan Antonio</subfield>
<subfield code="e">author</subfield>
</datafield>
<datafield tag="260" ind1=" " ind2=" ">
<subfield code="c">2021-09</subfield>
</datafield>
<datafield tag="520" ind1=" " ind2=" ">
<subfield code="a">The Modern period in Europe is marked by the introduction of deep agricultural changes. In the Basque Country (northern Spain), the implantation of an intensive crop rotation was made possible by the expansion of agricultural liming, although the extent and implications of this practice have not been previously explored in depth. The present paper proposes a multidisciplinary approach to this question, based on the combined analysis of archival sources, toponymy, visual prospection focused on the presence of limekilns, and agricultural soil coring in four local contexts of the Atlantic Basque Country. The results show, for the first time, evidence of concurrent and widespread liming in this territory at the edge of the 18th century, with strong implications for the model of agricultural management in the communities involved. The spreading of mineral fertilisation reflects an intensification in the forms of agricultural management, in the framework of a new relationship between land and labour that emerged after the introduction of American crops. Continuous liming for more than 200 years exerted a deep impact in the analysed soils, with interesting socio-economic and ecological implications that are representative of the potential short-term effects that changing relationship between humans and their socio-ecological environment may produce in agricultural soils.</subfield>
</datafield>
<datafield tag="024" ind2=" " ind1="8">
<subfield code="a">0048-9697</subfield>
</datafield>
<datafield tag="024" ind2=" " ind1="8">
<subfield code="a">http://hdl.handle.net/10259/6106</subfield>
</datafield>
<datafield tag="024" ind2=" " ind1="8">
<subfield code="a">10.1016/j.scitotenv.2021.147525</subfield>
</datafield>
<datafield tag="024" ind2=" " ind1="8">
<subfield code="a">1879-1026</subfield>
</datafield>
<datafield ind1=" " ind2=" " tag="653">
<subfield code="a">Liming</subfield>
</datafield>
<datafield ind1=" " ind2=" " tag="653">
<subfield code="a">Agroecosystems</subfield>
</datafield>
<datafield ind1=" " ind2=" " tag="653">
<subfield code="a">Agricultural intensification</subfield>
</datafield>
<datafield ind1=" " ind2=" " tag="653">
<subfield code="a">Soil geochemistry</subfield>
</datafield>
<datafield ind1=" " ind2=" " tag="653">
<subfield code="a">Archaeomagnetism</subfield>
</datafield>
<datafield tag="245" ind1="0" ind2="0">
<subfield code="a">Geochemical fingerprint of agricultural liming as a regular management practice in Modern-period Basque farming</subfield>
</datafield>
</record></metadata></record></GetRecord></OAI-PMH>